000 00668nam a22002177a 4500
003 BUBTL
008 200119b xxu||||| |||| 00| 0 eng d
020 _a9847028300054
082 _a121 / C4595k
100 _92941
_aChowdhury, Dhiman
245 _aKnowledge, interactions & peace :
_b a socio-philosophical analysis /
_cDhiman Chowdhury
250 _a1st edn
260 _aDhaka :
_bDhaka Viswavidyalay Prakashana Samstha
_cc2010.
300 _a396 p. :
_c22 cm.
500 _aIncludes Index
650 0 _92942
_aKnowledge
650 0 _92943
_aPerception
856 _k0
_l0
_yDownload
942 _2ddc
_cBK
999 _c6243
_d6243